000 00325nam a22001457a 4500
003 SGT
020 _a978-81-265-5412-6
082 _a612
_bA15T
100 _aTORTORA, GERARD.J
245 _aANATOMY & PHYSIOLOGY (WORK BOOK)
260 _aNEW DELHI
_bWILEY
_c2015
300 _a226
650 _aPHARMACY
942 _2ddc
_cBK
_02
999 _c11149
_d11149